|
|
|
|
| LEADER |
00000cam a22000001a 4500 |
| 001 |
vtls009917334 |
| 003 |
SK-MaSNL |
| 005 |
20260301212309.0 |
| 008 |
090726s1978 xo ao frnf 000 1 slo |
| 015 |
|
|
|a SNBA1978
|
| 020 |
|
|
|q (viazané)
|
| 040 |
|
|
|a SNK
|b slo
|c SNK
|e AACR2
|
| 041 |
1 |
|
|a slo
|h cze
|
| 044 |
|
|
|a xo
|c SK
|
| 080 |
|
|
|a 542.1
|2 2001
|
| 080 |
|
|
|a 331.45
|2 2011
|
| 080 |
|
|
|a (035)
|2 2011
|
| 100 |
1 |
|
|a Vavřík, Antonín
|4 aut
|9 532102
|
| 240 |
1 |
0 |
|a Bezpečnost práce v laboratořích a čtvrtprovozech chemických škol
|l Slovensky
|
| 245 |
1 |
0 |
|a Bezpečnosť práce v chemických laboratóriách
|c Antonín Vavřík ; preložil Ivan Varga
|
| 250 |
|
|
|a 4. upravené vydanie
|
| 260 |
|
|
|a Bratislava
|b Slovenské pedagogické nakladateľstvo
|c 1978
|
| 300 |
|
|
|a 167 strán
|b ilustrácie
|c 21 cm
|
| 366 |
|
|
|e 2390 kusov
|
| 504 |
|
|
|a Obsahuje bibliografiu
|
| 650 |
0 |
7 |
|a chemické laboratóriá
|2 SNKPH
|9 50206
|
| 650 |
0 |
7 |
|a bezpečnosť práce
|2 SNKPH
|9 1296
|
| 655 |
|
7 |
|a príručky
|2 SNKPH
|9 74364
|
| 655 |
|
7 |
|a Handbooks, manuals, etc.
|2 SNKPHeng
|9 90964
|
| 700 |
1 |
|
|a Varga, Ivan
|4 trl
|9 6604
|
| 852 |
|
|
|a Slovenská národná knižnica
|
| 954 |
|
|
|a odborná, vedecká literatúra cudzojazyčná (svetová)
|2 lita
|
| 958 |
|
|
|a NB
|
| 958 |
|
|
|a OP
|
| 999 |
|
|
|c 917787
|d 919717
|
| 952 |
|
|
|a SNK
|b SNK
|y PREZ
|7 0
|p 17A1525876
|o snkSC 202146
|i snk2023/6122
|8 7
|0 0
|1 0
|4 0
|d 2023-04-17
|l 0
|r 2026-02-24 08:05:51
|w 2026-02-24
|